000 00299nam a2200109Ia 4500
008 200302s9999 xx 000 0 und d
100 _aIIA
245 _aAAA / The arcasia awards for architecture 2017/Shortlisted projects
260 _bIndian Institute of Architects
260 _c2017
300 _a250
999 _c6334
_d6334